Konferencia o problémoch feudalizmu v Trevíre

Bibliographic Details
Main Author: Špiesz, Anton, 1930-1993 (Author)
Format: Article
Language:Slovak
Subjects:

MARC

LEADER 00000nab a2200000 a 4500
001 vtls000117859
003 SK-MaSNL
005 20260304045733.0
008 250422c1982 xo 0 slo
015 |a SNBRB19rr/mm-uuuuu 
035 |a CL0127964 
035 |a (urnnbn)urn:nbn:sk:snk:ar-004vuc 
035 |a (uuid)279003f5-ed86-4da4-a0e3-b2b4f11045bd 
035 |a urn:nbn:sk:snk-ab7y78 
040 |a SNKBUCL  |b slo  |c SNKBUCL  |e AACR2 
041 0 |a slo 
044 |a xo  |c SK 
080 |a 930  |2 1981 
100 1 |a Špiesz, Anton,  |d 1930-1993  |4 aut  |9 92178 
245 1 0 |a Konferencia o problémoch feudalizmu v Trevíre  |c A. Špiesz 
650 0 7 |a feudalizmus  |2 snkbucl  |9 4441 
655 7 |a články z novín a časopisov  |2 snkbucl  |9 267496 
773 0 |t Historický časopis  |g Roč. 30, č. 2 (1982), s. 365-366 
850 |a Slovenská národná knižnica 
852 |a Slovenská národná knižnica 
954 |a odborná, vedecká literatúra pôvodná (slovenská)  |2 lita 
958 |a article9 
958 |a OND 
958 |a RK 
958 |a EUIPO 
992 |a RBX 
999 |c 2694213  |d 2696143